| 000 | 00490nam a2200169Ia 4500 | ||
|---|---|---|---|
| 999 |
_c890 _d890 |
||
| 003 | OSt | ||
| 005 | 20200512121801.0 | ||
| 008 | 190216s9999||||xx |||||||||||||| ||und|| | ||
| 020 | _a8171510353 | ||
| 040 | _coclc | ||
| 082 |
_a297.1247 _bHUS/I |
||
| 100 |
_aHussain, M Hadi _92222 |
||
| 245 | 0 |
_aImam Abu Hanifah Life And Work / _cM Hadi Hussain |
|
| 260 |
_bKitab Bhavan, _c1991. _aNew Delhi: |
||
| 300 | _a235p | ||
| 942 |
_cBK _2ddc _h297.1247 _iHUS/I _k297.1247 _mHUS/I |
||